00355nam a2200145Ia 4500008004100000082001300041100001600054245003400070250000800104260003500112300001200147500002400159650001200183700001400195230524s9999 xx 000 0 und d a530bPAN aS.Panigrahi 0aEngineering Practical Physics a1ST aBERHAMPURbS.Publicationc2002 a111-104 aQuantity Number: 6 aPhysics a B.Mallik